000 00291nam a22001337a 4500
008 170526b xxu||||| |||| 00| 0 eng d
020 _a9780071448932
041 _aeng
080 _a62
100 _a25
101 _aIM
245 _aTHE TOYOTA WAY FIELDBOOK
_cLIKER,J.K
942 _2udc
_cBK
999 _c14565
_d14565